[Event "Heart of Finland 2015"]
[Site "Jyvaskyla"]
[Date "2015.07.17"]
[Round "7.16"]
[White "Hintikka Eero"]
[Black "Nevanlinna Risto"]
[Result "1-0"]
[WhiteElo "2071"]
[BlackElo "2244"]
[PlyCount "89"]
[EventDate "2015.??.??"]
[WhiteClock "0:29:09"]
[BlackClock "0:23:31"]

1. d4 Nf6 2. c4 e6 3. Nf3 Bb4+ 4. Bd2 Qe7 5. Nc3 O-O 6. Qc2 d6 7. a3 Bxc3 8.
Bxc3 Nbd7 9. O-O-O b5 10. cxb5 Bb7 11. e3 Ne4 12. Bd3 Ndf6 13. Be1 c5 14. Kb1
Rfc8 15. Qe2 Bd5 16. Nd2 Nxd2+ 17. Bxd2 c4 18. Bc2 Bxg2 19. Rhg1 Qb7 20. d5
Bxd5 21. Bc3 e5 22. e4 Nxe4 23. Bb4 Nf6 24. Qd2 Be4 25. Bxd6 Bxc2+ 26. Qxc2 c3
27. Bxe5 cxb2 28. Qxb2 Qe4+ 29. Ka1 Ng4 30. Bxg7 h5 31. f3 Qxf3 32. Bh8 f6 33.
Bxf6 Rf8 34. Rdf1 Qe3 35. Rg3 Qe6 36. h3 Qc4 37. Rfg1 Qe6 38. Bc3 Rac8 39. hxg4
h4 40. Rh3 Rc4 41. Rxh4 Rf3 42. Rh8+ Kf7 43. Rh7+ Ke8 44. Bb4 Qf6 45. Re1+ 1-0

[Event "Heart of Finland 2015"]
[Site "Jyvaskyla"]
[Date "2015.07.17"]
[Round "7.17"]
[White "Pershin Denis"]
[Black "Radkov Bazhen D."]
[Result "1-0"]
[WhiteElo "2222"]
[BlackElo "2125"]
[PlyCount "89"]
[EventDate "2015.??.??"]
[WhiteClock "0:50:58"]
[BlackClock "0:20:34"]

1. e4 e5 2. Nf3 Nc6 3. Bb5 a6 4. Ba4 Nf6 5. O-O Be7 6. Bxc6 dxc6 7. Nc3 Nd7 8.
d4 exd4 9. Qxd4 O-O 10. Bf4 Bf6 11. Qe3 Bxc3 12. Qxc3 Qe7 13. Rfe1 Nc5 14. Nd4
Ne6 15. Nf5 Qc5 16. Qxc5 Nxc5 17. Bxc7 Bxf5 18. exf5 Rfe8 19. f3 f6 20. Kf2 Kf7
21. Rxe8 Rxe8 22. Rd1 Re7 23. Bd8 Re5 24. Bb6 Rxf5 25. g4 Ne4+ 26. Ke3 Rb5 27.
Bd4 c5 28. Kxe4 cxd4 29. b3 Re5+ 30. Kxd4 Re2 31. Kc3 Rxh2 32. Rd7+ Kg6 33.
Rxb7 Rh3 34. Kb4 Rxf3 35. c4 Rf4 36. Ka5 Rxg4 37. c5 Rg2 38. Rb4 Rxa2+ 39. Ra4
Rc2 40. Rc4 Re2 41. c6 Re8 42. c7 Rc8 43. Kxa6 h5 44. Kb7 Rxc7+ 45. Kxc7 1-0

[Event "Heart of Finland 2015"]
[Site "Jyvaskyla"]
[Date "2015.07.18"]
[Round "8.1"]
[White "Kulaots Kaido"]
[Black "Alekseenko Kirill"]
[Result "1/2-1/2"]
[WhiteElo "2574"]
[BlackElo "2513"]
[PlyCount "94"]
[EventDate "2015.??.??"]
[WhiteClock "0:06:16"]
[BlackClock "0:12:02"]

1. d4 Nf6 2. c4 e6 3. Nf3 d5 4. Nc3 Bb4 5. Bg5 h6 6. Bxf6 Qxf6 7. e3 O-O 8. Rc1
c6 9. h4 Nd7 10. g4 e5 11. g5 Qd6 12. cxd5 exd4 13. Qxd4 Qxd5 14. Qxd5 cxd5 15.
a3 Bxc3+ 16. Rxc3 Re8 17. gxh6 gxh6 18. Bb5 a6 19. Bxd7 Bxd7 20. Rc7 Bc6 21.
Nd4 Rac8 22. Rxc8 Rxc8 23. Ke2 Bd7 24. Kf3 Kg7 25. Kf4 Kf6 26. Rg1 a5 27. f3 b6
28. Rg2 Rc1 29. Rc2 Rh1 30. Rc7 Be6 31. Rb7 Rxh4+ 32. Kg3 Rh1 33. Rxb6 h5 34.
f4 Ke7 35. f5 Bd7 36. Rh6 a4 37. Kf4 f6 38. Rh7+ Kd6 39. Rf7 Rf1+ 40. Nf3 d4
41. Rxf6+ Ke7 42. Rg6 Bxf5 43. Kxf5 Rxf3+ 44. Ke4 Rxe3+ 45. Kxd4 Re6 46. Rg5
Rh6 47. Ke3 h4 1/2-1/2

[Event "Heart of Finland 2015"]
[Site "Jyvaskyla"]
[Date "2015.07.18"]
[Round "8.3"]
[White "Agopov Mikael"]
[Black "Lobanov Sergei"]
[Result "0-1"]
[WhiteElo "2458"]
[BlackElo "2342"]
[PlyCount "90"]
[EventDate "2015.??.??"]
[WhiteClock "0:51:22"]
[BlackClock "0:33:08"]

1. e4 c5 2. Nf3 d6 3. d4 cxd4 4. Nxd4 Nf6 5. Nc3 Nc6 6. Bg5 Qa5 7. Bxf6 gxf6 8.
Nb3 Qg5 9. Nd5 Rb8 10. f4 Qg6 11. f5 Qg5 12. Nd2 e6 13. Nf3 Qh6 14. Nc7+ Kd7
15. Nb5 Qe3+ 16. Be2 Rg8 17. g3 a6 18. Nc3 b5 19. Qd3 Bh6 20. Rd1 Qxd3 21. Bxd3
Bb7 22. Kf2 Ne5 23. fxe6+ fxe6 24. Nxe5+ fxe5 25. Rhf1 Ke7 26. a3 Bc6 27. b3
Rg7 28. Be2 Rf7+ 29. Bf3 Rc8 30. Ke2 Be8 31. Rd3 Rf8 32. Bg4 Rxf1 33. Kxf1 Rc7
34. Ke2 Bc1 35. a4 b4 36. Kd1 Bh6 37. Nb1 Bg6 38. Nd2 Bxd2 39. Rxd2 Bxe4 40.
Be2 a5 41. Bd3 Bxd3 42. Rxd3 e4 43. Re3 d5 44. Kd2 Kd6 45. c3 Ke5 0-1

[Event "Heart of Finland 2015"]
[Site "Jyvaskyla"]
[Date "2015.07.18"]
[Round "8.4"]
[White "Moiseenko Vadim"]
[Black "Sklyarov Dmitry"]
[Result "1-0"]
[WhiteElo "2494"]
[BlackElo "2436"]
[PlyCount "93"]
[EventDate "2015.??.??"]
[WhiteClock "0:42:57"]
[BlackClock "0:29:17"]

1. d4 g6 2. e4 Bg7 3. Nc3 d6 4. f4 a6 5. a4 Nc6 6. Nf3 Bg4 7. Be3 Bxf3 8. gxf3
d5 9. Qd2 e6 10. O-O-O Nce7 11. Kb1 Qd7 12. Rg1 f5 13. e5 Bf8 14. h4 h5 15. Rg3
Nh6 16. b3 Rg8 17. Qg2 Nf7 18. Bc1 Nh8 19. Ba3 Nc6 20. Bxf8 Kxf8 21. Na2 Qe7
22. Rg5 Qa3 23. Qd2 Kg7 24. Qc3 Qe7 25. Qe1 Qa3 26. Nc1 Rgd8 27. Qc3 Nf7 28.
Rg2 Qe7 29. Nd3 a5 30. Nc5 Rdb8 31. Bb5 Ncd8 32. Rdg1 Nh8 33. Nd7 c6 34. Nf6
Kf8 35. Nxh5 Qb4 36. Qxb4+ axb4 37. Nf6 Ndf7 38. h5 gxh5 39. Nd7+ Ke7 40. Nxb8
Rxb8 41. Bd3 Nd8 42. Rh1 Nhf7 43. Rxh5 b6 44. Rh7 Nb7 45. Rgg7 Rf8 46. Kc1 Na5
47. Rh6 1-0

[Event "Heart of Finland 2015"]
[Site "Jyvaskyla"]
[Date "2015.07.18"]
[Round "8.5"]
[White "Seeman Tarvo"]
[Black "Mertanen Janne"]
[Result "1/2-1/2"]
[WhiteElo "2414"]
[BlackElo "2228"]
[PlyCount "219"]
[EventDate "2015.??.??"]
[WhiteClock "0:09:53"]
[BlackClock "0:05:51"]

1. Nf3 Nf6 2. g3 b5 3. Bg2 Bb7 4. Na3 a6 5. c4 b4 6. Nc2 e6 7. d4 Be4 8. O-O
Be7 9. a3 bxa3 10. b3 c5 11. Bxa3 cxd4 12. Ncxd4 O-O 13. Qc1 Nc6 14. Nxc6 Bxc6
15. Bxe7 Qxe7 16. Qa3 d6 17. Rfd1 Rfd8 18. b4 Be4 19. Nd4 Bxg2 20. Kxg2 Rdc8
21. b5 Qb7+ 22. Qf3 d5 23. cxd5 Nxd5 24. Nf5 exf5 25. Rxd5 Re8 26. Rxf5 Qxf3+
27. Kxf3 g6 28. Rc5 axb5 29. Rxa8 Rxa8 30. Rxb5 h5 31. h3 Ra3+ 32. e3 Ra2 33.
g4 hxg4+ 34. hxg4 Kg7 35. Kg3 Ra3 36. Kf4 Ra4+ 37. e4 Ra2 38. f3 Ra3 39. Rc5
Rb3 40. g5 Ra3 41. Rd5 Rb3 42. Rd4 Ra3 43. Rb4 Rc3 44. e5 Ra3 45. Ke4 Ra1 46.
f4 Rd1 47. Rd4 Ra1 48. Rd6 Ra4+ 49. Ke3 Ra3+ 50. Rd3 Ra1 51. Kf3 Rf1+ 52. Ke3
Re1+ 53. Kd4 Rf1 54. Ke4 Re1+ 55. Re3 Ra1 56. Kf3 Rf1+ 57. Kg3 Rg1+ 58. Kf2 Ra1
59. e6 fxe6 60. Rxe6 Ra3 61. Re3 Ra4 62. Kf3 Rb4 63. Rd3 Ra4 64. Ke3 Ra7 65.
Rd5 Ra1 66. Kd4 Rd1+ 67. Kc5 Rf1 68. Rd4 Kf7 69. Kd6 Ra1 70. Ke5 Re1+ 71. Kd5
Ra1 72. Rc4 Rd1+ 73. Ke4 Re1+ 74. Kf3 Rf1+ 75. Ke2 Ra1 76. Rc7+ Ke6 77. Rc6+
Kf7 78. Ke3 Re1+ 79. Kf2 Ra1 80. Rf6+ Kg7 81. Re6 Kf7 82. Re3 Rb1 83. Rc3 Ra1
84. Rc7+ Ke6 85. Rc6+ Kf7 86. Rd6 Rb1 87. Kf3 Rf1+ 88. Ke4 Re1+ 89. Kd5 Rd1+
90. Kc6 Rc1+ 91. Kd7 Rc4 92. Rf6+ Kg7 93. Ke6 Re4+ 94. Kd5 Ra4 95. Ke5 Ra5+ 96.
Ke4 Ra4+ 97. Kf3 Ra3+ 98. Kg4 Ra1 99. Rd6 Rg1+ 100. Kf3 Rf1+ 101. Kg3 Rg1+ 102.
Kf2 Ra1 103. Rd7+ Kf8 104. Ke3 Ra4 105. Rd4 Ra1 106. Rd6 Kf7 107. Rd7+ Kf8 108.
Ke4 Re1+ 109. Kd5 Re2 110. Rd6 1/2-1/2

[Event "Heart of Finland 2015"]
[Site "Jyvaskyla"]
[Date "2015.07.18"]
[Round "8.6"]
[White "Tuononen Janne"]
[Black "Koykka Pekka"]
[Result "1-0"]
[WhiteElo "2178"]
[BlackElo "2303"]
[PlyCount "77"]
[EventDate "2015.??.??"]
[WhiteClock "0:02:34"]
[BlackClock "0:13:46"]

1. c4 b6 2. Nc3 Bb7 3. e4 e6 4. g3 Bb4 5. Nge2 f5 6. Bg2 Nf6 7. d3 fxe4 8. O-O
O-O 9. dxe4 Na6 10. h3 e5 11. Be3 Bc5 12. Qd2 Qe8 13. a3 Bxe3 14. Qxe3 Nc5 15.
Nd5 Ne6 16. f4 Qh5 17. Rad1 Rae8 18. Nxf6+ Rxf6 19. f5 Nf8 20. g4 Qf7 21. g5
Rc6 22. b3 Qe7 23. Kh2 Qxa3 24. f6 Kf7 25. Ng3 g6 26. Nf5 Ree6 27. Ra1 Qc5 28.
Nh6+ Ke8 29. Qxc5 bxc5 30. Rxa7 Rb6 31. Rfa1 d6 32. Rxb7 Rxb7 33. Ra8+ Kd7 34.
Rxf8 Re8 35. Rf7+ Kc6 36. Rxh7 Rxb3 37. Nf5 Rbb8 38. Ne7+ Kb6 39. h4 1-0

[Event "Heart of Finland 2015"]
[Site "Jyvaskyla"]
[Date "2015.07.18"]
[Round "8.7"]
[White "Jacobsen Mikkel Manosri"]
[Black "Viljava Tapani"]
[Result "1-0"]
[WhiteElo "2370"]
[BlackElo "2176"]
[PlyCount "146"]
[EventDate "2015.??.??"]
[WhiteClock "0:11:27"]
[BlackClock "0:02:09"]

1. Nf3 c5 2. b3 b6 3. Bb2 Bb7 4. e3 e6 5. d4 Nf6 6. Bd3 Be7 7. O-O O-O 8. Nbd2
a6 9. c4 d6 10. Re1 Qc7 11. a3 Nbd7 12. Qc2 Rfe8 13. Rad1 Bf8 14. g4 g6 15.
dxc5 bxc5 16. g5 Nh5 17. Be2 Qc6 18. Nf1 Bg7 19. Bxg7 Nxg7 20. Ng3 Ne5 21. e4
Nxf3+ 22. Bxf3 Rad8 23. Bh1 e5 24. b4 Ne6 25. h4 Nd4 26. Qd3 Qd7 27. Nf1 Qg4+
28. Qg3 Qxd1 29. Rxd1 Ne2+ 30. Kh2 Nxg3 31. Kxg3 f5 32. gxf6 cxb4 33. axb4 Rf8
34. Ne3 Kf7 35. Rc1 Rb8 36. c5 Rfc8 37. Nc4 dxc5 38. Nd6+ Kxf6 39. Nxc8 Rxc8
40. bxc5 a5 41. Rb1 Bc6 42. Rb6 Ke7 43. Bf3 a4 44. Bg4 Rc7 45. f3 Bd7 46. Ra6
Bxg4 47. Kxg4 Rxc5 48. Rxa4 Kf6 49. Ra6+ Kg7 50. h5 gxh5+ 51. Kxh5 Rc3 52. Kg4
h5+ 53. Kg3 Rb3 54. Re6 Rb5 55. Re7+ Kg6 56. Re8 Ra5 57. Rf8 Ra1 58. Rf5 Rg1+
59. Kh3 Rg5 60. Rf8 Kg7 61. Kh4 Rg1 62. Rf5 Rh1+ 63. Kg3 h4+ 64. Kg2 Ra1 65.
Rxe5 Kg6 66. Rf5 Rb1 67. Rf4 Kg5 68. Rg4+ Kh5 69. Rg8 Rb3 70. e5 Re3 71. f4 Re4
72. Rg5+ Kh6 73. Kf3 Re1 {Ke4} 1-0

[Event "Heart of Finland 2015"]
[Site "Jyvaskyla"]
[Date "2015.07.18"]
[Round "8.8"]
[White "Wallner Joachim"]
[Black "Chernyak Viktoria"]
[Result "1/2-1/2"]
[WhiteElo "2345"]
[BlackElo "2136"]
[PlyCount "94"]
[EventDate "2015.??.??"]
[WhiteClock "0:56:29"]
[BlackClock "0:38:01"]

1. Nf3 Nf6 2. d4 g6 3. Nbd2 Bg7 4. e4 d6 5. Bd3 O-O 6. O-O Nc6 7. c3 e5 8. h3
Nh5 9. Nb3 a5 10. a4 b6 11. Re1 h6 12. Bb5 Ne7 13. dxe5 dxe5 14. Be3 Be6 15.
Nbd2 Nf4 16. Bxf4 exf4 17. Bc4 Bxc4 18. Nxc4 Qxd1 19. Raxd1 Nc6 20. Nd4 Nd8 21.
Na3 Re8 22. Nab5 Rc8 23. Kf1 Be5 24. Na7 Ra8 25. Nac6 Nxc6 26. Nxc6 Re6 27.
Nxe5 Rxe5 28. Rd7 Rc8 29. f3 Kf8 30. Red1 Ke8 31. R1d4 Re7 32. R7d5 c6 33. Rd6
b5 34. axb5 cxb5 35. Ra6 a4 36. Ke2 Rec7 37. Kd3 Rc5 38. Ra7 Rg5 39. e5 Rxe5
40. Rxf4 Rd8+ 41. Rd4 Rxd4+ 42. cxd4 Re1 43. Rb7 Rd1+ 44. Ke3 Re1+ 45. Kf2 Rd1
46. Rxb5 Rxd4 47. Ke3 Rd1 1/2-1/2

[Event "Heart of Finland 2015"]
[Site "Jyvaskyla"]
[Date "2015.07.18"]
[Round "8.9"]
[White "Saveliev Aleksei"]
[Black "Ristoja Samu"]
[Result "1-0"]
[WhiteElo "2294"]
[BlackElo "2144"]
[PlyCount "63"]
[EventDate "2015.??.??"]
[WhiteClock "0:36:28"]
[BlackClock "0:02:05"]

1. e4 c5 2. Nf3 e6 3. d4 cxd4 4. Nxd4 Nc6 5. Nc3 Qc7 6. Be2 Nf6 7. O-O a6 8.
Be3 Bb4 9. Nxc6 Qxc6 10. Bd4 Bxc3 11. Bxc3 Nxe4 12. Bxg7 Rg8 13. Qd4 b5 14. Bf3
Bb7 15. Rfe1 f5 16. Bh5+ Kd8 17. f3 Rxg7 18. fxe4 Re7 19. Qf2 f4 20. Rad1 Rc8
21. Kh1 e5 22. Rd3 Qc5 23. Qh4 Bc6 24. Red1 b4 25. Rd6 f3 26. gxf3 Qe3 27. Qf6
Qf4 28. Rxc6 Qxf6 29. Rxf6 Rxc2 30. Rxa6 Rxb2 31. Rc1 Rg7 32. Rg1 1-0

[Event "Heart of Finland 2015"]
[Site "Jyvaskyla"]
[Date "2015.07.18"]
[Round "8.10"]
[White "Sorokopudov Vladimir"]
[Black "Rantanen Yrjo"]
[Result "0-1"]
[WhiteElo "2107"]
[BlackElo "2293"]
[PlyCount "76"]
[EventDate "2015.??.??"]
[WhiteClock "0:04:02"]
[BlackClock "0:17:44"]

1. d4 Nf6 2. Nf3 g6 3. c4 Bg7 4. Nc3 O-O 5. e4 d6 6. Be2 e5 7. O-O Nbd7 8. Re1
c6 9. a4 a5 10. d5 Nc5 11. Qc2 Qb6 12. Ra3 Bd7 13. Bf1 Rac8 14. Bg5 h6 15. Bxf6
Bxf6 16. Nd2 Be7 17. Nb3 Kg7 18. Nxc5 Qxc5 19. Re3 f5 20. h3 Rc7 21. Ra2 Bc8
22. b3 Bg5 23. Rd3 Rcf7 24. Qd1 Be7 25. Kh1 Qb4 26. Re2 f4 27. Qb1 f3 28. gxf3
Rxf3 29. Na2 Qc5 30. Rxf3 Rxf3 31. Qc2 Bxh3 32. Bxh3 Rxh3+ 33. Kg2 Rh4 34. Nc3
Rg4+ 35. Kh3 h5 36. Re3 Rf4 37. Kg2 Bh4 38. Rf3 Qd4 0-1

[Event "Heart of Finland 2015"]
[Site "Jyvaskyla"]
[Date "2015.07.18"]
[Round "8.11"]
[White "Reinwald Patrick"]
[Black "Torkkola Henri"]
[Result "1/2-1/2"]
[WhiteElo "2247"]
[BlackElo "2119"]
[PlyCount "196"]
[EventDate "2015.??.??"]
[WhiteClock "0:11:17"]
[BlackClock "0:03:53"]

1. e4 c5 2. d4 cxd4 3. c3 dxc3 4. Nxc3 Nc6 5. Nf3 d6 6. Bc4 e6 7. O-O a6 8. Qe2
Nge7 9. Bg5 h6 10. Bh4 b5 11. Bb3 Ra7 12. Rfd1 Rd7 13. Nd4 Nxd4 14. Rxd4 g5 15.
Bg3 Bg7 16. Rd2 Nc6 17. Rad1 Be5 18. Qh5 Qf6 19. Ne2 Ke7 20. f4 Bxb2 21. f5 Be5
22. fxe6 fxe6 23. Rf1 Qg7 24. Qg4 Qg6 25. Nf4 Bxf4 26. Bxf4 Rdd8 27. Qg3 e5 28.
Be3 Be6 29. Bb6 Rd7 30. Bd5 Nd8 31. Qa3 Bxd5 32. exd5 Rf8 33. Rxf8 Kxf8 34.
Rf2+ Rf7 35. h3 Rxf2 36. Bxf2 Nf7 37. Qxa6 Qd3 38. Qa8+ Kg7 39. Kh2 e4 40. Bg3
e3 41. Qe8 Qxd5 42. Qxe3 Ne5 43. a3 Kg6 44. Qc3 h5 45. a4 bxa4 46. Qc2+ Kh6 47.
Qxa4 h4 48. Bxe5 Qxe5+ 49. Kh1 Qe6 50. Qc6 Kg6 51. Qc2+ Qf5 52. Qc6 Qf1+ 53.
Kh2 Qf4+ 54. Kh1 Kf6 55. Qd7 Qe5 56. Qd8+ Ke6 57. Qe8+ Kd5 58. Qb5+ Kd4 59.
Qb4+ Kd3 60. Qb3+ Kd2 61. Qb4+ Ke3 62. Qb3+ Ke4 63. Qc4+ Kf5 64. Qf7+ Qf6 65.
Qd5+ Kg6 66. Qe4+ Kh6 67. Qc6 Qe5 68. Qa6 Qc5 69. Qa8 Kg7 70. Qb7+ Kf6 71. Qf3+
Ke5 72. Qe2+ Kd4 73. Qd2+ Kc4 74. Qe2+ Kb4 75. Qb2+ Ka5 76. Qa2+ Kb6 77. Qb3+
Kc6 78. Qf3+ Kb6 79. Qb3+ Ka7 80. Qa4+ Kb8 81. Qb3+ Kc8 82. Qe6+ Kd8 83. Qf6+
Kd7 84. Qf7+ Kc6 85. Qf3+ Qd5 86. Qc3+ Kb6 87. Qb4+ Ka6 88. Qa3+ Kb7 89. Qb2+
Kc6 90. Qc3+ Kb6 91. Qb4+ Ka7 92. Qa3+ Kb8 93. Qb2+ Kc8 94. Qh8+ Kd7 95. Qg7+
Ke8 96. Qg6+ Kd7 97. Qg7+ Ke8 98. Qg6+ Kd7 1/2-1/2

[Event "Heart of Finland 2015"]
[Site "Jyvaskyla"]
[Date "2015.07.18"]
[Round "8.12"]
[White "Hytonen Timo"]
[Black "Pershin Denis"]
[Result "0-1"]
[WhiteElo "1946"]
[BlackElo "2222"]
[PlyCount "52"]
[EventDate "2015.??.??"]

1. d4 Nf6 2. c4 e6 3. Nc3 Bb4 4. e3 O-O 5. Nge2 d5 6. a3 Bd6 7. Ng3 c5 8. dxc5
Bxc5 9. b4 Be7 10. Bb2 b6 11. Be2 a5 12. Qb3 axb4 13. axb4 dxc4 14. Bxc4 Rxa1+
15. Bxa1 Nc6 16. b5 Na5 17. Qa2 Bb4 18. O-O Qc7 19. Be2 Bxc3 20. Rc1 Nd5 21. e4
Qf4 22. Qc2 Nb3 23. Bxc3 Nxc3 24. Re1 Nxe2+ 25. Nxe2 Qd2 26. Qxb3 Qxe1# 0-1

[Event "Heart of Finland 2015"]
[Site "Jyvaskyla"]
[Date "2015.07.18"]
[Round "8.13"]
[White "Annenkov Kirill"]
[Black "Alho Sauli"]
[Result "1-0"]
[WhiteElo "2210"]
[BlackElo "2112"]
[PlyCount "43"]
[EventDate "2015.??.??"]
[WhiteClock "1:12:33"]
[BlackClock "0:46:19"]

1. d4 Nf6 2. c4 c6 3. Nc3 d5 4. cxd5 cxd5 5. Bf4 a6 6. e3 Nc6 7. Bd3 g6 8. h3
Bg7 9. Nf3 O-O 10. Rc1 e6 11. O-O Bd7 12. Qe2 Qe7 13. b3 b5 14. a4 b4 15. Na2
a5 16. Bb5 Rfc8 17. Ba6 Ne4 18. Bxc8 Rxc8 19. Rc2 f6 20. Rfc1 e5 21. Bh2 exd4
22. Nxd4 1-0

[Event "Heart of Finland 2015"]
[Site "Jyvaskyla"]
[Date "2015.07.18"]
[Round "8.14"]
[White "Ronka Erik"]
[Black "Johansson Jukka"]
[Result "1-0"]
[WhiteElo "2189"]
[BlackElo "2089"]
[PlyCount "57"]
[EventDate "2015.??.??"]
[WhiteClock "0:06:29"]
[BlackClock "0:01:06"]

1. d4 f5 2. Bg5 g6 3. Nc3 Bg7 4. h4 c6 5. Qd2 Qa5 6. f3 b5 7. e4 d6 8. Be3 a6
9. h5 Nf6 10. hxg6 hxg6 11. Rxh8+ Bxh8 12. Bd3 fxe4 13. fxe4 Ng4 14. e5 Bf5 15.
Bxf5 gxf5 16. exd6 exd6 17. Bg5 Bf6 18. Bxf6 Nxf6 19. Qh6 b4 20. Qxf6 bxc3 21.
Qe6+ Kd8 22. Qxd6+ Kc8 23. Qe6+ Kc7 24. b3 Nd7 25. Rd1 Rf8 26. d5 c5 27. Qc6+
Kd8 28. d6 Qb4 29. Qc7+ 1-0

[Event "Heart of Finland 2015"]
[Site "Jyvaskyla"]
[Date "2015.07.18"]
[Round "8.15"]
[White "Ebeling Mika"]
[Black "Hintikka Eero"]
[Result "1-0"]
[WhiteElo "2227"]
[BlackElo "2071"]
[PlyCount "93"]
[EventDate "2015.??.??"]
[WhiteClock "0:32:32"]
[BlackClock "0:33:04"]

1. e4 e5 2. Nf3 Nc6 3. Bb5 Nf6 4. O-O Nxe4 5. d4 Nd6 6. Bxc6 dxc6 7. dxe5 Nf5
8. Qxd8+ Kxd8 9. Nc3 h6 10. Rd1+ Ke8 11. b3 Be6 12. Bb2 Rd8 13. Ne2 Bd5 14. Ne1
Be7 15. c4 Be6 16. Nf4 g5 17. Nxe6 fxe6 18. Rxd8+ Bxd8 19. Rd1 Rh7 20. Kf1 Rf7
21. Ke2 Be7 22. Nc2 Nh4 23. Ne3 h5 24. f3 Bc5 25. Bd4 Bxd4 26. Rxd4 c5 27. Re4
Rf4 28. Rxf4 gxf4 29. g3 Ng6 30. Nf1 fxg3 31. Nxg3 h4 32. Ne4 b6 33. Nf6+ Ke7
34. Ng4 Kf7 35. Ke3 Ne7 36. Ke4 Nf5 37. Ne3 Nd4 38. Ng2 h3 39. Nf4 Nc2 40. Nxh3
Nb4 41. Ng5+ Ke7 42. h4 Nxa2 43. h5 Nc1 44. h6 Kf8 45. Nxe6+ Kg8 46. Nxc7 Nxb3
47. e6 1-0

[Event "Heart of Finland 2015"]
[Site "Jyvaskyla"]
[Date "2015.07.18"]
[Round "8.16"]
[White "Luukkonen Tommi"]
[Black "Marjusaari Eero"]
[Result "1-0"]
[WhiteElo "2348"]
[BlackElo "2082"]
[PlyCount "63"]
[EventDate "2015.??.??"]
[WhiteClock "0:40:05"]
[BlackClock "0:04:42"]

1. d4 Nf6 2. c4 e6 3. g3 Bb4+ 4. Bd2 Qe7 5. Nf3 Nc6 6. Nc3 O-O 7. Qc2 d6 8. a3
Bxc3 9. Bxc3 a5 10. Bg2 e5 11. d5 Nb8 12. O-O-O Nbd7 13. e4 Nc5 14. Nh4 a4 15.
Rde1 c6 16. f4 Qc7 17. Rhf1 cxd5 18. exd5 Nb3+ 19. Kb1 Qxc4 20. fxe5 Nxd5 21.
Bxd5 Qxd5 22. Rd1 Qb5 23. exd6 Bg4 24. Nf5 Bxd1 25. Rxd1 f6 26. Qe4 Rae8 27.
Qg4 g6 28. Ne7+ Kg7 29. Nd5 Qe2 30. Qxe2 Rxe2 31. d7 Re6 32. Nf4 1-0

[Event "Heart of Finland 2015"]
[Site "Jyvaskyla"]
[Date "2015.07.19"]
[Round "9.1"]
[White "Lobanov Sergei"]
[Black "Kulaots Kaido"]
[Result "1-0"]
[WhiteElo "2342"]
[BlackElo "2574"]
[PlyCount "121"]
[EventDate "2015.??.??"]
[WhiteClock "0:01:52"]
[BlackClock "0:01:22"]

1. e4 c5 2. Nf3 e6 3. d4 cxd4 4. Nxd4 Nf6 5. Nc3 d6 6. Be2 Be7 7. O-O O-O 8. f4
Nc6 9. Be3 Bd7 10. Qe1 Nxd4 11. Bxd4 Bc6 12. Qg3 g6 13. Bd3 Nh5 14. Qg4 Bf6 15.
e5 Bg7 16. Rae1 Qa5 17. a3 Rad8 18. b4 Qc7 19. b5 Bd7 20. Qh4 f5 21. exf6 Bxf6
22. Qf2 Bc8 23. Bxf6 Nxf6 24. Qd4 b6 25. Ne4 Nxe4 26. Qxe4 Qc5+ 27. Kh1 Rf7 28.
a4 Rdf8 29. h3 Kg7 30. Kh2 Rf6 31. c3 e5 32. fxe5 Rxf1 33. Bxf1 Qxe5+ 34. Qxe5+
dxe5 35. Bd3 Rd8 36. Bc4 Re8 37. Bd5 Re7 38. g4 g5 39. Kg3 Bd7 40. Kf3 Be8 41.
c4 h5 42. a5 hxg4+ 43. hxg4 bxa5 44. Ra1 Bd7 45. Rxa5 e4+ 46. Bxe4 Be6 47. c5
Bxg4+ 48. Kxg4 Rxe4+ 49. Kf5 Re7 50. c6 Kf7 51. Ra4 Ke8 52. Rd4 Rc7 53. Rd6 Re7
54. Kxg5 Re5+ 55. Kf6 Rc5 56. Ke6 Rc1 57. Rd7 a6 58. Ra7 Re1+ 59. Kd6 axb5 60.
Ra8+ Kf7 61. c7 1-0

[Event "Heart of Finland 2015"]
[Site "Jyvaskyla"]
[Date "2015.07.19"]
[Round "9.2"]
[White "Solozhenkin Evgeny"]
[Black "Moiseenko Vadim"]
[Result "1/2-1/2"]
[WhiteElo "2464"]
[BlackElo "2494"]
[PlyCount "82"]
[EventDate "2015.??.??"]
[WhiteClock "0:36:40"]
[BlackClock "0:26:49"]

1. e4 d6 2. d4 Nf6 3. Nc3 g6 4. Bg5 Bg7 5. Qd2 h6 6. Bh4 Nbd7 7. O-O-O g5 8.
Bg3 Nh5 9. Nge2 c5 10. Kb1 a6 11. dxc5 Nxc5 12. Nd4 Bd7 13. Be2 Nxg3 14. hxg3
Qa5 15. Qe3 e6 16. f4 O-O-O 17. Rhf1 Be8 18. Nb3 Nxb3 19. axb3 Qc5 20. Qd2 Bf6
21. Rf3 Kb8 22. Rd3 Be7 23. Bf3 Rg8 24. Qe2 Rc8 25. Rf1 Bd7 26. Bh5 Rgf8 27.
Re1 Bc6 28. Rh1 b5 29. Bf3 Rh8 30. Rd2 a5 31. Qd3 a4 32. Ne2 axb3 33. Qxb3 Kb7
34. Nd4 Qc4 35. Qxc4 bxc4 36. Nxc6 Kxc6 37. c3 Kc5 38. Kc2 Ra8 39. Rdd1 Kc6 40.
Rd4 Kc5 41. Rdd1 Kc6 1/2-1/2

[Event "Heart of Finland 2015"]
[Site "Jyvaskyla"]
[Date "2015.07.19"]
[Round "9.3"]
[White "Alekseenko Kirill"]
[Black "Tuononen Janne"]
[Result "1-0"]
[WhiteElo "2513"]
[BlackElo "2178"]
[PlyCount "63"]
[EventDate "2015.??.??"]
[WhiteClock "0:52:55"]
[BlackClock "0:41:49"]

1. e4 c6 2. d4 d5 3. e5 Bf5 4. Nf3 e6 5. Be2 Ne7 6. O-O Nd7 7. Nbd2 h6 8. Nb3
g5 9. Bd2 Qc7 10. Bb4 Ng6 11. Bxf8 Rxf8 12. Nfd2 Nf4 13. c4 O-O-O 14. g3 Nxe2+
15. Qxe2 f6 16. cxd5 Nb8 17. d6 Qh7 18. Rfe1 h5 19. Rac1 h4 20. g4 Bd3 21. Qe3
fxe5 22. dxe5 Rf4 23. f3 b6 24. Nd4 Kd7 25. Rc3 c5 26. Rxd3 cxd4 27. Rxd4 Rxd4
28. Qxd4 Qc2 29. Qe4 Qc5+ 30. Kh1 Nc6 31. Qh7+ Kc8 32. Qc7# 1-0

[Event "Heart of Finland 2015"]
[Site "Jyvaskyla"]
[Date "2015.07.19"]
[Round "9.4"]
[White "Agopov Mikael"]
[Black "Kiik Kalle"]
[Result "1-0"]
[WhiteElo "2458"]
[BlackElo "2374"]
[PlyCount "63"]
[EventDate "2015.??.??"]
[WhiteClock "0:05:15"]
[BlackClock "0:04:38"]

1. d4 c5 2. d5 g6 3. e4 Bg7 4. c4 d6 5. Nc3 a6 6. f4 e6 7. a4 Ne7 8. Nf3 exd5
9. cxd5 Bg4 10. Bc4 Nd7 11. O-O O-O 12. Qd3 Nb6 13. Nd2 f5 14. e5 dxe5 15. d6+
Kh8 16. dxe7 Qxe7 17. a5 Rad8 18. Qc2 Nc8 19. Nd5 Qh4 20. b3 g5 21. Bb2 gxf4
22. Rae1 f3 23. Nxf3 Bxf3 24. gxf3 Nd6 25. Rxe5 f4 26. Kh1 Rd7 27. Re2 Bd4 28.
Bxd4+ cxd4 29. Rg1 Qh5 30. Qd3 Nf5 31. Nxf4 Qh6 32. Qxf5 1-0

[Event "Heart of Finland 2015"]
[Site "Jyvaskyla"]
[Date "2015.07.19"]
[Round "9.5"]
[White "Rantanen Yrjo"]
[Black "Seeman Tarvo"]
[Result "1/2-1/2"]
[WhiteElo "2293"]
[BlackElo "2414"]
[PlyCount "116"]
[EventDate "2015.??.??"]
[WhiteClock "0:07:48"]
[BlackClock "0:04:24"]

1. e4 c5 2. Nf3 e6 3. c3 Nf6 4. e5 Nd5 5. d4 cxd4 6. cxd4 d6 7. a3 Bd7 8. Bd3
Bc6 9. O-O Nd7 10. Re1 Be7 11. exd6 Bxd6 12. Nbd2 O-O 13. Nc4 Bf4 14. g3 Bxc1
15. Rxc1 N5f6 16. Bf1 Bd5 17. Nfe5 Rc8 18. Ne3 Rxc1 19. Qxc1 Be4 20. f3 Bd5 21.
Bb5 Nb6 22. Qc2 Qb8 23. Rc1 Rc8 24. Qd2 a6 25. Be2 Rxc1+ 26. Qxc1 Qd8 27. Qc5
Nc8 28. Kf2 Nd6 29. Qc2 Qc8 30. Qxc8+ Nxc8 31. Ke1 Kf8 32. Kd2 Ke7 33. Kc3 Nb6
34. Kb4 Ba2 35. a4 Nfd5+ 36. Nxd5+ Bxd5 37. a5 Nc8 38. Nc4 Bxc4 39. Bxc4 Kd6
40. Bd3 Ne7 41. Kc4 h6 42. Be4 Nc6 43. b4 f5 44. Bxc6 Kxc6 45. f4 b6 46. axb6
Kxb6 47. Kb3 Kb5 48. Kc3 Kc6 49. Kc2 Kb5 50. Kb3 Kc6 51. Kc4 Kd6 52. Kc3 g5 53.
fxg5 hxg5 54. h3 g4 55. hxg4 fxg4 56. Kd2 Kc6 57. Kc2 Kd6 58. Kd2 Kc6 1/2-1/2

[Event "Heart of Finland 2015"]
[Site "Jyvaskyla"]
[Date "2015.07.19"]
[Round "9.6"]
[White "Pershin Denis"]
[Black "Jacobsen Mikkel Manosri"]
[Result "1-0"]
[WhiteElo "2222"]
[BlackElo "2370"]
[PlyCount "77"]
[EventDate "2015.??.??"]
[WhiteClock "0:06:49"]
[BlackClock "0:13:49"]

1. e4 c6 2. d4 d5 3. e5 Bf5 4. h4 h5 5. c4 e6 6. Nc3 Ne7 7. Nge2 dxc4 8. Ng3
Bd3 9. Bxd3 cxd3 10. Qxd3 Nd7 11. Qe2 Nb6 12. Be3 Ned5 13. Bg5 Qd7 14. Nxh5 Bb4
15. Rh3 Rh7 16. Kf1 g6 17. Nxd5 Nxd5 18. Ng3 Be7 19. Ne4 O-O-O 20. g3 Rdh8 21.
Bxe7 Qxe7 22. Qd2 Rh5 23. Kg2 f5 24. exf6 Nxf6 25. Ng5 e5 26. dxe5 Qxe5 27. Nf7
Qe4+ 28. f3 Rd5 29. Qf2 Qb4 30. a3 Qa5 31. b4 Qc7 32. Nxh8 Qd7 33. Re1 Qg7 34.
Rhh1 Qxh8 35. Re6 Qh6 36. Rhe1 Nh5 37. Qe3 Rd2+ 38. Kh3 Qxe3 39. R1xe3 1-0